| 000 | 00399nam a22001697a 4500 | ||
|---|---|---|---|
| 003 | CEME | ||
| 005 | 20210628203600.0 | ||
| 008 | 210201b xxu||||| |||| 00| 0 eng d | ||
| 040 | _c. | ||
| 082 | _a891.4393 SID | ||
| 100 |
_aSiddique Salik _925362 |
||
| 245 | _aPressure cooker | ||
| 260 |
_aLAHORE _bSANG-E-MEEL _c1999 |
||
| 300 | _a348P | ||
| 650 |
_aURDU ADAB-NOVEL _920918 |
||
| 942 |
_cBK _2ddc |
||
| 999 |
_c574359 _d574359 |
||